[Event "BL 9495 (Women)"]
[Site "Germany"]
[Date "1994.??.??"]
[EventDate "?"]
[Round "7"]
[Result "1-0"]
[White "Doris Weclawski"]
[Black "Elisabeth Paehtz"]
[WhiteElo "2105"]
[BlackElo "2457"]
[PlyCount "79"]

1.d4 Nf6 2.Nf3 g6 3.Bg5 Bg7 4.Nbd2 d6 5.e4 Nbd7 6.Bc4 O-O 7.e5
dxe5 8.dxe5 Ng4 9.e6 Nde5 10.exf7+ Nxf7 11.Qe2 Bf6 12.h3 Bxg5
13.Nxg5 Ngh6 14.O-O-O Kg7 15.Ndf3 Qe8 16.Be6 Nxg5 17.Nxg5 Rf6
18.Qe5 c6 19.Rhe1 Nf5 20.Bxc8 Rxc8 21.Ne4 Qf7 22.Nxf6 exf6
23.Qe6 Qxe6 24.Rxe6 Kf7 25.Re2 Rc7 26.Rd8 Nh4 27.g3 Nf3 28.Rh8
Kg7 29.Ree8 Rd7 30.Rd8 Re7 31.Rhe8 Rf7 32.Re3 Ne5 33.f4 Nc4
34.Red3 Nb6 35.b3 Nd5 36.c4 Nb4 37.Rd2 Re7 38.R2d7 Kf7 39.a3
Na6 40.b4 1-0

[Event "t-EuCh U18 Girls"]
[Site "Balatonlelle HUN"]
[Date "2000.07.12"]
[EventDate "2000.07.09"]
[Round "4"]
[Result "1-0"]
[White "Elisabeth Paehtz"]
[Black "Nadezda Stojanovic"]
[WhiteElo "2343"]
[BlackElo "2146"]
[PlyCount "67"]

1. g3 Nf6 2. Bg2 e6 3. d3 d5 4. Nd2 Be7 5. Ngf3 O-O 6. e4 c5
7. O-O Nc6 8. Re1 Qc7 9. e5 Nd7 10. Qe2 b6 11. Nf1 Bb7 12. h4
Rae8 13. Bf4 Qc8 14. c3 d4 15. c4 f6 16. exf6 Bxf6 17. Ng5
Bxg5 18. hxg5 e5 19. Bc1 Ne7 20. Nd2 Bxg2 21. Kxg2 Qc6+
22. Qe4 Qxe4+ 23. Nxe4 Ng6 24. Bd2 Re7 25. b4 Ref7 26. Rab1
Kh8 27. Rb3 Ne7 28. Rh1 Kg8 29. Rf1 Nc6 30. b5 Ne7 31. Nd6 Rf3
32. Ra3 Ng6 33. Ne4 R8f5 34. Rxa7 1-0

[Event "2nd ch-EUR Women"]
[Site "Warsaw POL"]
[Date "2001.04.26"]
[EventDate "2001.04.22"]
[Round "5"]
[Result "1-0"]
[White "Elisabeth Paehtz"]
[Black "Tatyana Fomina"]
[WhiteElo "2358"]
[BlackElo "2278"]
[PlyCount "79"]

1. e4 e6 2. d4 d5 3. Nc3 Bb4 4. exd5 exd5 5. Bd3 Ne7 6. Qh5
Be6 7. Nge2 Qd7 8. O-O Nbc6 9. Qg5 Ng6 10. f4 Be7 11. Qh5 f5
12. g4 O-O 13. g5 Nb4 14. Rf3 c5 15. Bb5 Qc8 16. Rh3 Kf7
17. Ba4 Bd7 18. a3 Bxa4 19. axb4 Bxc2 20. Nxd5 Qd7 21. Nxe7
Qxe7 22. bxc5 Bd1 23. Be3 Bxe2 24. Qxe2 Qe6 25. Qf3 Qe4
26. Qxe4 fxe4 27. d5 Ne7 28. d6 Nf5 29. Ra4 Rfe8 30. Kf2 a6
31. Rb4 Rab8 32. Bd2 Rec8 33. Rc3 Re8 34. Be3 Kg6 35. Rb6 Kh5
36. Rcb3 Rec8 37. Rxb7 Rxb7 38. Rxb7 Nxe3 39. Kxe3 Rxc5
40. Kxe4 1-0

[Event "Czech Open"]
[Site "Pardubice CZE"]
[Date "2001.07.26"]
[EventDate "2001.07.20"]
[Round "7"]
[Result "1/2-1/2"]
[White "Jan Votava"]
[Black "Elisabeth Paehtz"]
[WhiteElo "2509"]
[BlackElo "2383"]
[PlyCount "130"]

1. e4 c5 2. Nf3 d6 3. d4 cxd4 4. Nxd4 Nf6 5. Nc3 a6 6. Bc4 e6
7. O-O Be7 8. Bb3 Nc6 9. Be3 O-O 10. a4 Bd7 11. f4 Nxd4
12. Bxd4 Bc6 13. Qe2 Qa5 14. Kh1 Rac8 15. Rad1 Qh5 16. Qxh5
Nxh5 17. f5 e5 18. Be3 h6 19. Bf2 Rfe8 20. Rfe1 Nf6 21. a5 Bd8
22. Ra1 Kf8 23. h3 g6 24. fxg6 fxg6 25. g4 Kg7 26. Kg2 Nh7
27. Nd5 Rf8 28. c3 Ng5 29. Bg3 Bb5 30. Nb6 Bxb6 31. axb6 Bc6
32. Bc2 Ne6 33. Rad1 Rcd8 34. Rxd6 Nf4+ 35. Bxf4 exf4 36. Red1
Rde8 37. Kf3 Re5 38. c4 a5 39. h4 g5 40. h5 Rf6 41. Rd8 Rfe6
42. R1d4 Kf7 43. c5 Ke7 44. Rh8 Rxc5 45. Bb3 Rf6 46. Rh7+ Ke8
47. Bc4 Re5 48. b3 Rc5 49. Rc7 Re5 50. Rh7 Rc5 51. Rc7 Re5
52. Rg7 Kf8 53. Rh7 Ke8 54. Bd3 Rfe6 55. Rh8+ Ke7 56. Rh7+ Ke8
57. Rg7 Rc5 58. Ke2 Rce5 59. Kd2 Rf6 60. Ke2 Rfe6 61. Kd2 Rf6
62. Ke1 Rfe6 63. Kf2 Rf6 64. Bc4 Rc5 65. Rd2 Re5 1/2-1/2

[Event "Czech Open"]
[Site "Pardubice CZE"]
[Date "2001.07.27"]
[EventDate "2001.07.20"]
[Round "8"]
[Result "1/2-1/2"]
[White "Elisabeth Paehtz"]
[Black "Leonid Totsky"]
[WhiteElo "2383"]
[BlackElo "2481"]
[PlyCount "55"]

1. e4 e6 2. d4 d5 3. Nc3 Bb4 4. exd5 exd5 5. Bd3 Nc6 6. a3 Be7
7. Nce2 Nf6 8. c3 O-O 9. Qc2 Re8 10. Bf4 Bg4 11. O-O-O Bh5
12. f3 Bg6 13. Bxg6 fxg6 14. Kb1 Na5 15. Nh3 Nc4 16. Bc1 Bd6
17. Nef4 c6 18. Nd3 Qd7 19. Nhf2 Qf5 20. h3 Ne3 21. Bxe3 Rxe3
22. Ng4 Nxg4 23. hxg4 Qe6 24. Rhe1 Rxe1 25. Rxe1 Qf6 26. Re3
Rd8 27. Qe2 Qf7 28. Kc2 1/2-1/2

[Event "WJun Women"]
[Site "Athens GRE"]
[Date "2001.08.16"]
[EventDate "2001.08.16"]
[Round "1"]
[Result "1/2-1/2"]
[White "Nataliya Hryhorenko"]
[Black "Elisabeth Paehtz"]
[WhiteElo "2128"]
[BlackElo "2383"]
[PlyCount "54"]

1. d4 Nf6 2. Nf3 g6 3. Bf4 Bg7 4. e3 d6 5. h3 O-O 6. Be2 e6
7. O-O Qe7 8. Bh2 Nbd7 9. c4 h6 10. Nc3 Re8 11. Rc1 a6 12. c5
dxc5 13. Bxc7 Nb8 14. Bh2 cxd4 15. Qxd4 Rd8 16. Qh4 Nc6
17. Rfd1 g5 18. Rxd8+ Qxd8 19. Qa4 Bd7 20. Qb3 b5 21. Ne5 Nxe5
22. Bxe5 Bc6 23. Qb4 Nd5 24. Qd4 Nxc3 25. Qxc3 Qd5 26. Qxc6
Qxc6 27. Rxc6 Bxe5 1/2-1/2

[Event "WJun Women"]
[Site "Athens GRE"]
[Date "2001.08.21"]
[EventDate "2001.08.16"]
[Round "6"]
[Result "1/2-1/2"]
[White "Elisabeth Paehtz"]
[Black "Nadezhda Kosintseva"]
[WhiteElo "2383"]
[BlackElo "2319"]
[PlyCount "59"]

1. e4 c5 2. Nf3 d6 3. d4 cxd4 4. Nxd4 Nf6 5. Nc3 g6 6. Be3 Bg7
7. f3 O-O 8. Qd2 Nc6 9. O-O-O d5 10. Kb1 Rb8 11. Nb3 dxe4
12. Qxd8 Rxd8 13. Rxd8+ Nxd8 14. Bxa7 Ra8 15. Bb6 Bf5 16. Bb5
exf3 17. gxf3 Ne6 18. a4 Ng5 19. Rf1 e5 20. a5 Bf8 21. h4 Ne6
22. Re1 Bd6 23. Ne4 Bxe4 24. fxe4 Nf4 25. c4 Bb4 26. Re3 Ng2
27. Rd3 Nf4 28. Re3 Ng2 29. Rd3 Nf4 30. Re3 1/2-1/2

[Event "WJun Women"]
[Site "Athens GRE"]
[Date "2001.08.24"]
[EventDate "2001.08.16"]
[Round "8"]
[Result "0-1"]
[White "Elisabeth Paehtz"]
[Black "Gu Xiaobing"]
[WhiteElo "2383"]
[BlackElo "2300"]
[PlyCount "86"]

1. e4 c5 2. Nf3 d6 3. d4 cxd4 4. Nxd4 Nf6 5. Nc3 a6 6. f4 e5
7. Nf3 Qc7 8. a4 Be7 9. Bd3 Nbd7 10. O-O b6 11. Kh1 Bb7
12. Qe1 O-O 13. fxe5 dxe5 14. Qg3 Kh8 15. Nh4 g6 16. Bh6 Rg8
17. Rae1 Rad8 18. Bg5 Nh5 19. Qg4 f6 20. Bh6 Bf8 21. Bc1 Bb4
22. Re3 Bxc3 23. bxc3 Nf4 24. Rg3 Nc5 25. Re3 Ncxd3 26. cxd3
Rxd3 27. Rxf4 Rxe3 28. Bxe3 exf4 29. Bd4 Qd6 30. Nf3 Bxe4
31. Ng5 Bd5 32. Qh4 Rg7 33. Qh6 Qe7 34. Nh3 f3 35. Qd2 Qe2
36. Qxe2 fxe2 37. Bf2 Re7 38. Be1 Re4 39. Kg1 Rxa4 40. Kf2 Ra2
41. Nf4 Bc4 42. h4 a5 43. g4 a4 0-1

[Event "WJun Women"]
[Site "Athens GRE"]
[Date "2001.08.25"]
[EventDate "2001.08.16"]
[Round "9"]
[Result "0-1"]
[White "Dana Reizniece-Ozola"]
[Black "Elisabeth Paehtz"]
[WhiteElo "2312"]
[BlackElo "2383"]
[PlyCount "26"]

1. e4 c5 2. d3 e6 3. Nf3 Nc6 4. g3 d5 5. Qe2 Nge7 6. h4 b6
7. e5 Qc7 8. h5 Bb7 9. Bg2 h6 10. c3 g5 11. hxg6 Nxg6 12. d4
cxd4 13. Bg5 hxg5 0-1

[Event "WJun Women"]
[Site "Athens GRE"]
[Date "2001.08.28"]
[EventDate "2001.08.16"]
[Round "12"]
[Result "1/2-1/2"]
[White "Elisabeth Paehtz"]
[Black "Sopiko Khukhashvili"]
[WhiteElo "2383"]
[BlackElo "2295"]
[PlyCount "70"]

1. e4 c5 2. Nf3 d6 3. d4 cxd4 4. Nxd4 Nf6 5. Nc3 a6 6. Bg5 e6
7. f4 Be7 8. Qf3 Qc7 9. O-O-O h6 10. Bh4 Nbd7 11. Bd3 b5
12. Bxf6 Nxf6 13. g4 g6 14. e5 Bb7 15. Qe2 dxe5 16. fxe5 Nd5
17. Nxd5 Bxd5 18. Rhf1 O-O-O 19. Nb3 Bf8 20. Kb1 Bg7 21. c4
Bxc4 22. Bxc4 Rxd1+ 23. Rxd1 bxc4 24. Rc1 Kb8 25. Rxc4 Qxe5
26. Rb4+ Ka7 27. Qf2+ Ka8 28. Qf3+ Qd5 29. Qf1 Qc6 30. Na5 Qd6
31. a3 Rb8 32. Nc4 Qc6 33. Na5 Qd6 34. Nc4 Qc6 35. Na5 Qd6
1/2-1/2

[Event "WJun Women"]
[Site "Athens GRE"]
[Date "2001.08.29"]
[EventDate "2001.08.16"]
[Round "13"]
[Result "1-0"]
[White "Koneru Humpy"]
[Black "Elisabeth Paehtz"]
[WhiteElo "2387"]
[BlackElo "2383"]
[PlyCount "153"]

1. Nf3 Nf6 2. g3 g6 3. Bg2 Bg7 4. O-O O-O 5. d4 d6 6. Re1 Ne4
7. c3 f5 8. Be3 e6 9. Nfd2 Nf6 10. f3 Nc6 11. Bf2 e5 12. Qb3+
Kh8 13. d5 Ne7 14. c4 g5 15. Nc3 b6 16. e3 Ng6 17. Qc2 e4
18. Kh1 Ne5 19. Bg1 exf3 20. Nxf3 Nh5 21. Ne2 Qf6 22. Nxe5
Qxe5 23. Nd4 Bd7 24. Rf1 Rf6 25. Bf2 Rff8 26. Rae1 Rae8 27. b4
Nf6 28. Bg1 Ne4 29. Bh3 Rf6 30. Nf3 Qe7 31. Bg2 Rh6 32. Bf2
Bc3 33. Rc1 Bg7 34. Rce1 Bc3 35. Rc1 Bf6 36. Kg1 Kg8 37. a3
Nxf2 38. Rxf2 Qxe3 39. Re1 Qxa3 40. Rxe8+ Bxe8 41. Qxf5 Qe3
42. Bh3 Rg6 43. Kf1 Bf7 44. Bg4 Rh6 45. Qc8+ Kg7 46. Qxc7 Be7
47. Re2 Qd3 48. Qxe7 Rf6 49. Kg2 Qxc4 50. Bh5 g4 51. Ng5 Qxd5+
52. Ne4 Rf5 53. Bxf7 Rxf7 54. Qxd6 Qc4 55. Qe5+ Kf8 56. Ng5
Qc6+ 57. Qe4 Qxe4+ 58. Rxe4 Rf5 59. Rxg4 Kg7 60. Ne4+ Kh6
61. Nd6 Rf6 62. Ne4 Rc6 63. h4 a5 64. bxa5 bxa5 65. Rg5 a4
66. Nf2 Rc2 67. Kf3 Rc3+ 68. Ke2 Rc2+ 69. Ke3 Rc3+ 70. Kd2 Rc4
71. Ng4+ Rxg4 72. Rxg4 a3 73. Ra4 a2 74. Rxa2 Kh5 75. Ra4 h6
76. Ke3 Kg6 77. Kf4 1-0

[Event "Sportland NRW Cup"]
[Site "Senden GER"]
[Date "2001.10.21"]
[EventDate "2001.10.13"]
[Round "9"]
[Result "0-1"]
[White "Fred Hedke"]
[Black "Elisabeth Paehtz"]
[WhiteElo "2360"]
[BlackElo "2392"]
[PlyCount "118"]

1. e4 c5 2. d4 cxd4 3. c3 dxc3 4. Nxc3 Nc6 5. Nf3 d6 6. Bc4 a6
7. O-O Nf6 8. h3 e6 9. Qe2 b5 10. Bb3 Ra7 11. Rd1 Rd7 12. Bf4
Be7 13. Rac1 Bb7 14. Ng5 O-O 15. Nxe6 fxe6 16. Bxe6+ Kh8
17. Bxd7 Qxd7 18. e5 Ng8 19. Bg3 Nh6 20. Nd5 dxe5 21. Bxe5
Nxe5 22. Qxe5 Bd8 23. Ne3 Qf7 24. Rc2 Bb6 25. Rcd2 Bc7 26. Qg5
Bf4 27. Qc5 Bxe3 28. Qxe3 Qg6 29. Qg3 Nf5 30. Qxg6 hxg6
31. Rd7 Be4 32. f3 Bc6 33. Rc7 Rf6 34. Kf2 a5 35. Rd8+ Kh7
36. f4 Nd6 37. Ke1 Bxg2 38. h4 Bh3 39. Ra7 a4 40. Kf2 Bg4
41. Kg3 Be2 42. b3 axb3 43. axb3 Ne4+ 44. Kg2 Rxf4 45. Rdd7
Bf3+ 46. Kg1 Rg4+ 47. Kf1 Rxh4 48. Rxg7+ Kh6 49. Rh7+ Kg5
50. Rxh4 Kxh4 51. Ra5 g5 52. Kg1 Be2 53. Ra8 Kg3 54. Rf8 Nd2
55. Rc8 Nf3+ 56. Kh1 Nd4 57. Kg1 g4 58. Rc7 Bf3 59. b4 Bg2 0-1

[Event "Frauen Bundesliga -2"]
[Site "GER"]
[Date "2001.10.28"]
[EventDate "2001.10.06"]
[Round "2"]
[Result "1/2-1/2"]
[White "Anna Dergatschova-Daus"]
[Black "Elisabeth Paehtz"]
[WhiteElo "2239"]
[BlackElo "2392"]
[PlyCount "93"]

1. Nf3 g6 2. c4 Nf6 3. Nc3 Bg7 4. e4 d6 5. g3 O-O 6. Bg2 c5
7. O-O Nc6 8. d3 a6 9. h3 Rb8 10. a4 Ne8 11. Bg5 Nc7 12. Qd2
b5 13. axb5 axb5 14. Bh6 bxc4 15. Bxg7 Kxg7 16. dxc4 Ne6
17. Nb5 Qb6 18. Rfd1 Ba6 19. Qc3+ Kg8 20. Bf1 Bb7 21. h4 Nb4
22. Re1 Nc7 23. Nxc7 Qxc7 24. Qd2 Kg7 25. h5 Nc6 26. Nh2 Nd4
27. b4 e5 28. Rab1 cxb4 29. Rxb4 Bc6 30. Rxb8 Rxb8 31. Bg2 Bd7
32. h6+ Kf8 33. Qg5 Qd8 34. Qxd8+ Rxd8 35. Nf3 Nxf3+ 36. Bxf3
Be6 37. Be2 Rc8 38. Ra1 Bxc4 39. Bxc4 Rxc4 40. Ra8+ Ke7
41. Rh8 g5 42. Rxh7 Rc8 43. Kg2 g4 44. Rg7 Rh8 45. Rxg4 Rxh6
46. Rg8 d5 47. exd5 1/2-1/2

[Event "EuTChw"]
[Site "Leon ESP"]
[Date "2001.11.06"]
[EventDate "2001.11.06"]
[Round "1"]
[Result "1/2-1/2"]
[White "Elisabeth Paehtz"]
[Black "Vlasta Macek"]
[WhiteElo "2392"]
[BlackElo "2237"]
[PlyCount "116"]

1. e4 e6 2. d4 d5 3. Nc3 Nf6 4. e5 Nfd7 5. Nf3 a6 6. Bg5 Be7
7. h4 c5 8. dxc5 Nxc5 9. Qd2 Nc6 10. Bd3 b5 11. O-O-O Bb7
12. Kb1 Qc7 13. Bxe7 Qxe7 14. Qf4 b4 15. Ne2 a5 16. Nfd4 Nxd4
17. Nxd4 Ba6 18. Rh3 O-O 19. Rg3 Bxd3 20. Nc6 Qd7 21. Rxg7+
Kxg7 22. Qf6+ Kg8 23. Ne7+ Qxe7 24. Qxe7 Bg6 25. Qxc5 Rfc8
26. Qe3 Bxc2+ 27. Kc1 Bxd1+ 28. Kxd1 Rc4 29. Qg5+ Kf8 30. Qh6+
Ke8 31. Qxh7 Rac8 32. h5 Rg4 33. Qh8+ Kd7 34. Qf6 Rf8 35. g3
Ke8 36. b3 Kd7 37. Ke2 Ke8 38. Kf3 Rfg8 39. Kg2 R4g7 40. Kf3
Rg4 41. Ke3 R4g5 42. h6 Rh5 43. Kd4 Rg6 44. Qh8+ Ke7 45. h7
Rgh6 46. Qa8 Rxh7 47. Qxa5 Kf8 48. Qxb4+ Kg7 49. Qe7 Rf5
50. b4 Rxf2 51. Qg5+ Kf8 52. b5 Rhh2 53. Kc5 Rxa2 54. b6 Rhc2+
55. Kd6 Rab2 56. Qd8+ Kg7 57. Qg5+ Kf8 58. Qd8+ Kg7 1/2-1/2

[Event "EuTChw"]
[Site "Leon ESP"]
[Date "2001.11.14"]
[EventDate "2001.11.06"]
[Round "8"]
[Result "1/2-1/2"]
[White "Elisabeth Paehtz"]
[Black "Svetlana Petrenko"]
[WhiteElo "2392"]
[BlackElo "2336"]
[PlyCount "35"]

1. e4 c5 2. Nf3 Nc6 3. d4 cxd4 4. Nxd4 Nf6 5. Nc3 e5 6. Ndb5
d6 7. Bg5 a6 8. Na3 b5 9. Bxf6 gxf6 10. Nd5 Bg7 11. Bd3 Ne7
12. Nxe7 Qxe7 13. O-O f5 14. c4 O-O 15. Qe2 Bb7 16. f3 fxe4
17. fxe4 f5 18. cxb5 1/2-1/2

[Event "EuTChw"]
[Site "Leon ESP"]
[Date "2001.11.15"]
[EventDate "2001.11.06"]
[Round "9"]
[Result "0-1"]
[White "Svetlana Prudnikova"]
[Black "Elisabeth Paehtz"]
[WhiteElo "2411"]
[BlackElo "2392"]
[PlyCount "66"]

1. d4 Nf6 2. g3 g6 3. Bg2 Bg7 4. e4 d6 5. Ne2 Nc6 6. h3 e5
7. Be3 d5 8. dxe5 Nxe4 9. Nbc3 Nxc3 10. Nxc3 Nxe5 11. Qxd5 Qe7
12. O-O-O Be6 13. Qc5 Qxc5 14. Bxc5 c6 15. Ne4 Nd7 16. Be3
O-O-O 17. Ng5 Rhe8 18. Nxe6 Rxe6 19. a4 a6 20. g4 Rde8 21. h4
Ne5 22. g5 f5 23. gxf6 Rxf6 24. h5 Rf7 25. hxg6 Nxg6 26. Bh3+
Kb8 27. Bb6 Nf4 28. Bg4 Bf6 29. c4 Rg7 30. Bd7 Re2 31. b3 Ra2
32. Kb1 Rb2+ 33. Ka1 Rd2+ 0-1

[Event "FIDE WCh Women KO"]
[Site "Moscow RUS"]
[Date "2001.11.29"]
[EventDate "2001.11.27"]
[Round "2.1"]
[Result "1-0"]
[White "Elisabeth Paehtz"]
[Black "Wang Pin"]
[WhiteElo "2392"]
[BlackElo "2498"]
[PlyCount "65"]

1. e4 c5 2. Nf3 d6 3. d4 cxd4 4. Nxd4 Nf6 5. Nc3 a6 6. Bg5 e6
7. f4 Nbd7 8. Qf3 Qc7 9. O-O-O b5 10. Bd3 Bb7 11. Rhe1 O-O-O
12. Kb1 Qb6 13. Nb3 Be7 14. a4 h6 15. Bxf6 Bxf6 16. axb5 Bxc3
17. bxc3 axb5 18. Qh5 Nc5 19. Qxf7 Rd7 20. Qg6 Na4 21. Qxe6
Nxc3+ 22. Kb2 Nxd1+ 23. Rxd1 Kc7 24. Be2 Rdd8 25. e5 Kb8
26. Bh5 Qe3 27. Rxd6 Rc8 28. Bg6 Qxf4 29. Rb6 Rc7 30. Qd6 Rhc8
31. Nd4 Ka8 32. Nxb5 Rc4 33. Ra6+ 1-0

[Event "GMB"]
[Site "Bermuda BER"]
[Date "2002.01.21"]
[EventDate "2002.01.21"]
[Round "1"]
[Result "1/2-1/2"]
[White "Elisabeth Paehtz"]
[Black "Gregory Shahade"]
[WhiteElo "2383"]
[BlackElo "2454"]
[PlyCount "43"]

1. e4 e5 2. Bc4 Nf6 3. d3 c6 4. Qe2 Be7 5. Nf3 O-O 6. Nbd2 d6
7. O-O Nbd7 8. Re1 b5 9. Bb3 Nc5 10. Nf1 Re8 11. Be3 Nxb3
12. axb3 c5 13. b4 Qc7 14. bxc5 dxc5 15. Bd2 Bb7 16. Ne3 Bd6
17. Nf5 Bf8 18. Ba5 Qc6 19. Bc3 Qc7 20. Ba5 Qc6 21. Bc3 Qc7
22. Ba5 1/2-1/2

[Event "GMB"]
[Site "Bermuda BER"]
[Date "2002.01.27"]
[EventDate "2002.01.21"]
[Round "6"]
[Result "0-1"]
[White "Elisabeth Paehtz"]
[Black "Emanuel Berg"]
[WhiteElo "2383"]
[BlackElo "2500"]
[PlyCount "96"]

1. e4 e6 2. d4 d5 3. Nc3 Bb4 4. exd5 exd5 5. Bd3 Nc6 6. a3 Be7
7. Be3 Bf6 8. Qh5 Be6 9. Nge2 Qd7 10. h3 Nge7 11. O-O-O O-O-O
12. Bb5 a6 13. Ba4 b5 14. Bb3 Nf5 15. Na2 Rhe8 16. Rhe1 Nh4
17. Nf4 g6 18. Qe2 g5 19. Nh5 Bxd4 20. Bxd4 Nxd4 21. Rxd4 Bg4
22. Qxg4 Rxe1+ 23. Kd2 Qxg4 24. Rxg4 Rg1 25. c3 f5 26. Rg3 f4
27. Rg4 h6 28. Nxf4 Rf8 29. Ne2 Rxf2 30. Bxd5 Rb1 31. Ke3 Rff1
32. Be6+ Kb7 33. Nb4 Rxb2 34. Nd3 Rbb1 35. Nd4 Kb6 36. Nc2 c5
37. c4 Rf6 38. Bd5 Nf5+ 39. Ke4 Rf1 40. Ne5 Nd6+ 41. Kd3 R6f2
42. Bf3 Rc1 43. Ne3 Ra1 44. Nd5+ Ka7 45. Nc6+ Kb7 46. cxb5
Rxa3+ 47. Nc3 axb5 48. Ne7+ Ka6 0-1

[Event "GMB"]
[Site "Bermuda BER"]
[Date "2002.01.28"]
[EventDate "2002.01.21"]
[Round "7"]
[Result "0-1"]
[White "Heikki Kallio"]
[Black "Elisabeth Paehtz"]
[WhiteElo "2522"]
[BlackElo "2383"]
[PlyCount "130"]

1. d4 Nf6 2. c4 g6 3. Nc3 Bg7 4. e4 d6 5. Nf3 O-O 6. h3 e5
7. d5 a5 8. Bg5 h6 9. Be3 Na6 10. Nd2 Nd7 11. g4 Ndc5 12. Rg1
c6 13. Be2 Bd7 14. Nf1 cxd5 15. cxd5 b5 16. Ng3 b4 17. Nb1 Kh7
18. h4 Bf6 19. Bxh6 Kxh6 20. g5+ Kh7 21. gxf6 Qxf6 22. Nd2 Qf4
23. h5 Nc7 24. Rh1 Kg7 25. Kf1 Nb5 26. Nf3 Nxe4 27. Nxe4 Qxe4
28. hxg6 Rh8 29. Rg1 f6 30. Rc1 Rac8 31. Rxc8 Rxc8 32. Rh1 Rh8
33. Rxh8 Kxh8 34. Qd3 Qxd3 35. Bxd3 Kg7 36. Nd2 a4 37. f4 exf4
38. Nc4 Be8 39. Nb6 a3 40. bxa3 bxa3 41. Bxb5 Bxb5+ 42. Kf2
Ba6 43. Kf3 Kxg6 44. Kxf4 f5 45. Na4 Bc4 46. Nc3 Kf6 47. Nb1
Bxd5 48. Nxa3 Bxa2 49. Nb5 d5 50. Nd4 Bb1 51. Nc6 Ke6 52. Nd4+
Kd6 53. Ke3 Be4 54. Kf4 Kc5 55. Ke5 Kc4 56. Ne2 Bb1 57. Ng1
Bd3 58. Kf4 d4 59. Kf3 Kc3 60. Kf2 Be4 61. Ne2+ Kd3 62. Ke1
Ke3 63. Ng3 Bd3 64. Nh1 f4 65. Nf2 Be2 0-1

[Event "Rostock GER"]
[Site "GM"]
[Date "2002.08.31"]
[EventDate "2002.08.25"]
[Round "8"]
[Result "1-0"]
[White "David Baramidze"]
[Black "Elisabeth Paehtz"]
[WhiteElo "2351"]
[BlackElo "2331"]
[PlyCount "61"]

1. e4 c5 2. Nf3 e6 3. d4 cxd4 4. Nxd4 Nc6 5. Be3 a6 6. Nxc6
bxc6 7. Bd3 d5 8. O-O Nf6 9. Nd2 Be7 10. f4 Bb7 11. Qe2 h5
12. exd5 Nxd5 13. Bd4 c5 14. Be5 Nb4 15. Be4 Bxe4 16. Nxe4 f6
17. Rad1 Qb6 18. Bd6 Rd8 19. Bxe7 Kxe7 20. a3 c4+ 21. Kh1 Nd5
22. Rfe1 Rc8 23. c3 Rc6 24. Ng3 Kf7 25. f5 h4 26. fxe6+ Rxe6
27. Ne4 Ke7 28. Qg4 Kf8 29. Nxf6 Rxf6 30. Qc8+ Kf7 31. Qxh8
1-0

[Event "GER Ch g/5 Internet 1st"]
[Site "playchess.com"]
[Date "2003.02.22"]
[EventDate "?"]
[Round "17"]
[Result "0-1"]
[White "Helge Hintze"]
[Black "Elisabeth Paehtz"]
[WhiteElo "2291"]
[BlackElo "2384"]
[PlyCount "68"]

1.c4 e5 2.Nc3 d6 3.Nf3 Nf6 4.d4 Nbd7 5.e4 g6 6.Be2 Bg7 7.d5
O-O 8.Bg5 h6 9.Bh4 a5 10.Nd2 Nc5 11.b3 Qe8 12.a3 Bd7 13.b4
axb4 14.axb4 Na4 15.Nxa4 Rxa4 16.Rxa4 Bxa4 17.Qa1 b5 18.O-O
Nd7 19.cxb5 Nb6 20.Rc1 g5 21.Bg3 Bxb5 22.Bxb5 Qxb5 23.Qc3 f5
24.f3 Nxd5 25.exd5 e4 26.Qc4 Qb6+ 27.Kh1 e3 28.Nb3 f4 29.Be1
Rf7 30.Na5 h5 31.Qc6 Qd4 32.Qe8+ Bf8 33.Qe6 Qd3 34.Nc6 Qf1#
0-1

[Event "European Clubs Cup (Men)"]
[Site "Rethymnon, Crete"]
[Date "2003.09.29"]
[EventDate "2003.09.??"]
[Round "2.122"]
[Result "1/2-1/2"]
[White "Zahar Efimenko"]
[Black "Elisabeth Paehtz"]
[WhiteElo "2546"]
[BlackElo "2417"]
[PlyCount "58"]

1. e4 c5 2. Nf3 d6 3. d4 cxd4 4. Nxd4 Nf6 5. Nc3 a6 6. Be2 e5
7. Nb3 Be7 8. O-O O-O 9. Be3 Be6 10. Qd2 Nbd7 11. a4 Rc8
12. a5 Qc7 13. Rfc1 Rfe8 14. Nd5 Bxd5 15. exd5 Nc5 16. Nxc5
dxc5 17. c4 Bd6 18. b4 g6 19. bxc5 Bxc5 20. Bxc5 Qxc5 21. Rab1
Rc7 22. Rb6 Nxd5 23. Rb3 Nf4 24. Bf3 Qd4 25. Qxd4 exd4 26. Rd1
Rxc4 27. Bxb7 d3 28. Bxa6 d2 29. Rbb1 Rb4 1/2-1/2

[Event "European Clubs Cup (Men)"]
[Site "Rethymnon, Crete"]
[Date "2003.09.30"]
[EventDate "2003.09.30"]
[Round "3.192"]
[Result "1/2-1/2"]
[White "Sigurdur Dadi Sigfusson"]
[Black "Elisabeth Paehtz"]
[WhiteElo "2323"]
[BlackElo "2417"]
[PlyCount "36"]

1. e4 c5 2. Nf3 d6 3. d4 cxd4 4. Nxd4 Nf6 5. Nc3 a6 6. Bc4 e6
7. Bb3 Nc6 8. Be3 Be7 9. Qe2 Qc7 10. O-O-O Na5 11. Kb1 b5
12. f3 O-O 13. g4 b4 14. Na4 Qb7 15. h4 Nd7 16. Bg5 Nf6
17. Be3 Nd7 18. Bg5 Nf6 1/2-1/2

[Event "European Clubs Cup (Men)"]
[Site "Rethymnon, Crete"]
[Date "2003.10.01"]
[EventDate "2003.10.01"]
[Round "4.222"]
[Result "1/2-1/2"]
[White "Elisabeth Paehtz"]
[Black "Turhan Yilmaz"]
[WhiteElo "2417"]
[BlackElo "2314"]
[PlyCount "77"]

1. e4 Nf6 2. e5 Nd5 3. d4 d6 4. c4 Nb6 5. exd6 cxd6 6. Nc3 g6
7. Be3 Bg7 8. Rc1 O-O 9. b3 e5 10. dxe5 dxe5 11. Qxd8 Rxd8
12. c5 N6d7 13. Bc4 Nc6 14. Nf3 Na5 15. Be2 h6 16. Nb5 Nf8
17. Nd6 Rb8 18. b4 Nc6 19. b5 Ne7 20. O-O Be6 21. Nc4 e4
22. Nfd2 Bd5 23. Bf4 Ra8 24. Ne3 Ne6 25. Bd6 Bxa2 26. Nxe4 Nd4
27. Rfe1 Nd5 28. Bf1 f5 29. Nxd5 Bxd5 30. Nc3 Bf7 31. Re7 Bf8
32. Rxb7 Bxd6 33. cxd6 Rxd6 34. Rc7 Ne6 35. Rc6 Rd7 36. Bc4
Nf4 37. Bxf7+ Kxf7 38. g3 Ne6 39. Ra1 1/2-1/2

[Event "Accentus Turnier Biel"]
[Site "Biel SUI"]
[Date "2004.07.20"]
[EventDate "2004.07.20"]
[Round "2"]
[Result "0-1"]
[White "Monika Seps"]
[Black "Elisabeth Paehtz"]
[WhiteElo "2095"]
[BlackElo "2396"]
[PlyCount "67"]

1. e4 c5 2. Nf3 d6 3. d4 cxd4 4. Nxd4 a6 5. Nc3 e6 6. Be2 Qc7
7. O-O b5 8. f4 Bb7 9. Bf3 Nd7 10. Kh1 Rc8 11. a3 Ngf6 12. Qe1
Ba8 13. Be3 Be7 14. Qg3 g6 15. Rae1 Qb8 16. Nb3 Rxc3 17. bxc3
Bxe4 18. Bd4 Bxf3 19. Qxf3 Qc8 20. Na5 d5 21. c4 bxc4 22. Rb1
O-O 23. Be5 Ne4 24. Bc3 Ndc5 25. Bb4 f5 26. g4 Qc7 27. gxf5
Rxf5 28. Bxc5 Qxc5 29. Nb7 Qd4 30. Qe2 Kf7 31. Rbe1 Rh5
32. Qg2 Kg7 33. Re2 Bh4 34. Na5 0-1

[Event "Accentus Turnier Biel"]
[Site "Biel SUI"]
[Date "2004.07.22"]
[EventDate "2004.07.22"]
[Round "4"]
[Result "1-0"]
[White "Elisabeth Paehtz"]
[Black "Eva Repkova"]
[WhiteElo "2396"]
[BlackElo "2411"]
[PlyCount "69"]

1. e4 d5 2. exd5 Qxd5 3. Nc3 Qa5 4. Bc4 c6 5. d3 Bf5 6. Qe2
Nf6 7. h3 Bg6 8. Bd2 Nbd7 9. g4 Qe5 10. Be3 Qd6 11. f4 e6
12. O-O-O O-O-O 13. Qf2 Nb6 14. Nge2 Qb4 15. Ng3 Nxc4 16. dxc4
Bd6 17. a3 Qa5 18. Rxd6 Rxd6 19. Bxa7 Rd7 20. f5 exf5 21. gxf5
Bh5 22. Bd4 Qd8 23. Bb6 Qe7 24. Re1 Qd6 25. Bc5 Qc7 26. Na4
Rhd8 27. Nxh5 Nxh5 28. Nb6+ Kb8 29. Nxd7+ Qxd7 30. Kb1 Re8
31. Bd6+ Ka8 32. Rxe8+ Qxe8 33. Qb6 Qe1+ 34. Ka2 Nf6 35. Qd8+
1-0

[Event "Accentus Turnier Biel"]
[Site "Biel SUI"]
[Date "2004.07.26"]
[EventDate "2004.07.26"]
[Round "7"]
[Result "1-0"]
[White "Elisabeth Paehtz"]
[Black "Monika Seps"]
[WhiteElo "2396"]
[BlackElo "2095"]
[PlyCount "21"]

1. e4 e5 2. Bc4 Nf6 3. d3 c6 4. Nf3 d6 5. O-O Be7 6. Re1 O-O
7. Nbd2 Nbd7 8. c3 Re8 9. Bxf7+ Kxf7 10. Ng5+ Kg8 11. Ne6 1-0